000 00551nam a2200193Ia 4500
999 _c10098
_d10098
003 OSt
005 20191221103953.0
008 190216s9999||||xx |||||||||||||| ||und||
020 _a8174934316
040 _coclc
082 _a338.954
_bMIS/E
100 _aMisra, S K
_9502
245 0 _aEconomic Development And Planning /
_cS K Misra ; V K Puri
250 _a7th ed.
260 _bHimalaya Publishing House,
_c1998.
_aDelhi:
300 _a758p
650 _aEconomics
942 _cBK
_2ddc
_h338.954
_iMIS/E
_k338.954
_mMIS/E